00737nam a2200145Ia 4500008004100000050002200041100003600063245023200099260008600331300002800417521001500445942000700460999001900467952010500486140724s9999 xx 000 0 und d aBF 698b.J37 2008 aJaranilla, Paulo Eduardo Moran. 4aThe relationship between the 5C's profile and the Edwards Personal Preference Schedule of the Second Year Students of Southville International School and Colleges Academic School Year 2007-2008 /cPaulo Eduardo Moran Jaranilla. aLas Piñas, Philippines :bSouthville International School and Colleges,cc2008. a68 p. :bill. ;c28 cm. aPsychology cTH c228896d228896 001040aCLbCLcTHESESd2014-07-24l0oBF 698 .J37 2008pT0250r2018-05-15 00:00:00w2014-07-24yTH